[Event "Stadtmeisterschaft Ulm/Neu Ulm 2008"]
[Site "Privat"]
[Date "2008.11.14"]
[Round "5"]
[White "Fischer, Heidi"]
[Black "Zierke, Markus"]
[Result "1/2-1/2"]
[WhiteElo "1375"]
[BlackElo "1765"]
[Annotator "Frederic"]
[PlyCount "81"]
[EventDate "2008.??.??"]
[SourceDate "2008.11.25"]

1. c4 Nf6 2. d4 c5 3. d5 b5 4. Nd2 bxc4 5. Nxc4 Bb7 6. d6 Ne4 7. Bf4 Nxd6 8.
Bxd6 exd6 9. Nxd6+ Bxd6 10. Qxd6 Qa5+ 11. Qd2 Qxd2+ 12. Kxd2 d5 13. e3 O-O 14.
Nf3 Rd8 15. Bd3 Na6 16. a3 c4 17. Bc2 Nc5 18. Nd4 a5 19. f3 a4 20. Rad1 Rac8
21. Kc3 Nb3 22. h4 Re8 23. Rhe1 Re5 24. f4 Re7 25. g4 g6 26. f5 Nc5 27. Nb5 Bc6
28. Nd6 Rd8 29. Nxc4 Ne4+ 30. Bxe4 Rxe4 31. Na5 Rxg4 32. Nxc6 Rc4+ 33. Kd3 Rxc6
34. Rf1 Rc4 35. Rf4 Rxf4 36. exf4 gxf5 37. Rg1+ Kf8 38. Rg5 Rb8 39. Kc2 Rc8+
40. Kd3 Rb8 41. Kc2 1/2-1/2

[Event "Stadtmeisterschaft Ulm/Neu Ulm 2008"]
[Site "Privat"]
[Date "2008.11.14"]
[Round "5"]
[White "Heinrich, Klaus"]
[Black "Förderreuther, Jonas"]
[Result "1-0"]
[WhiteElo "1710"]
[BlackElo "1510"]
[Annotator "Frederic"]
[PlyCount "111"]
[EventDate "2008.??.??"]
[SourceDate "2008.11.25"]

1. f4 Nf6 2. Nf3 g6 3. e3 Bg7 4. c3 d6 5. Bc4 O-O 6. O-O Nbd7 7. d3 e5 8. e4 c6
9. Bb3 Nc5 10. Kh1 Nxb3 11. Qxb3 Qe7 12. fxe5 dxe5 13. Bg5 h6 14. Bh4 Be6 15.
Qc2 Qd6 16. Nbd2 Ng4 17. Rae1 g5 18. Bg3 f5 19. exf5 Bxf5 20. Ne4 Qg6 21. h3
Qh5 22. Kg1 Nf6 23. Nxf6+ Bxf6 24. Bxe5 Qg6 25. Qb3+ Qf7 26. Qxf7+ Rxf7 27.
Bxf6 Rxf6 28. Nd4 Raf8 29. Nxf5 Rxf5 30. Rxf5 Rxf5 31. Re7 Rb5 32. Re2 Kf7 33.
Kf1 Rd5 34. d4 c5 35. dxc5 Rxc5 36. Rd2 Ke6 37. Ke2 b5 38. Rd4 a5 39. Kd3 Ke5
40. a4 bxa4 41. Rxa4 Rb5 42. b4 axb4 43. Rxb4 Rc5 44. Rd4 h5 45. g3 Rc6 46. c4
Ra6 47. Rd5+ Kf6 48. Ke4 Re6+ 49. Kd4 Re1 50. h4 g4 51. Rxh5 Rg1 52. c5 Rxg3
53. c6 Rg1 54. c7 Rc1 55. Rc5 Rd1+ 56. Ke3 1-0

[Event "Stadtmeisterschaft Ulm/Neu Ulm 2008"]
[Site "Privat"]
[Date "2008.11.14"]
[Round "5"]
[White "Zahn, Achim"]
[Black "Krapf, Katharina"]
[Result "1-0"]
[WhiteElo "1584"]
[BlackElo "1223"]
[Annotator "Frederic"]
[PlyCount "73"]
[EventDate "2008.??.??"]
[SourceDate "2008.11.26"]

1. e4 Nf6 2. e5 Nd5 3. d4 d6 4. c4 Nb6 5. exd6 cxd6 6. Nc3 Nc6 7. Nf3 Bg4 8.
Be3 e6 9. b3 Be7 10. Be2 O-O 11. O-O Rc8 12. Rc1 Bf6 13. Ne4 d5 14. Nxf6+ Qxf6
15. c5 Nd7 16. h3 Bf5 17. Bd3 Bxd3 18. Qxd3 h6 19. b4 Rc7 20. b5 Na5 21. Qa3 b6
22. cxb6 Rxc1 23. Rxc1 axb6 24. Qd6 Qd8 25. Rc7 Nb8 26. Qxb6 Nc4 27. Qa7 Qd6
28. Qc5 Rd8 29. Qxd6 Nxd6 30. a4 Nc4 31. Bd2 Nd7 32. a5 Kf8 33. Bb4+ Ke8 34.
Nd2 Nb2 35. Nb3 Rb8 36. a6 Rxb5 37. Rc8# 1-0

[Event "Stadtmeisterschaft Ulm/Neu Ulm 2008"]
[Site "Privat"]
[Date "2008.11.14"]
[Round "5"]
[White "Hartmann, Thomas"]
[Black "Hörsch, Florian"]
[Result "1-0"]
[WhiteElo "1889"]
[BlackElo "1495"]
[Annotator "Frederic"]
[PlyCount "43"]
[EventDate "2008.??.??"]
[SourceDate "2008.11.26"]

1. d4 d5 2. c4 e6 3. Nc3 Nf6 4. Bg5 c6 5. cxd5 cxd5 6. e3 Bd6 7. Bd3 h6 8. Bh4
O-O 9. Rc1 Nc6 10. Nge2 Bd7 11. Bg3 Bxg3 12. hxg3 a6 13. Nf4 Qa5 14. g4 e5 15.
g5 hxg5 16. Nfxd5 g4 17. Kd2 exd4 18. Nxf6+ gxf6 19. Rh8+ Kg7 20. Rh7+ Kg8 21.
Qh1 dxc3+ 22. Rxc3 1-0

[Event "Stadtmeisterschaft Ulm/Neu Ulm 2008"]
[Site "Privat"]
[Date "2008.11.14"]
[Round "5"]
[White "Rieken, Bernd"]
[Black "Meier, Dennis"]
[Result "0-1"]
[WhiteElo "1542"]
[BlackElo "1335"]
[Annotator "Frederic"]
[PlyCount "116"]
[EventDate "2008.??.??"]
[SourceDate "2008.11.26"]

1. e4 d5 2. exd5 Qxd5 3. Nc3 Qa5 4. Bc4 Bf5 5. Nge2 Nf6 6. O-O e6 7. d4 Nbd7 8.
Bf4 Be7 9. Nb5 Rc8 10. a3 a6 11. b4 Qa4 12. Nxc7+ Rxc7 13. Bxc7 Qc6 14. Bxa6
bxa6 15. Be5 Qxc2 16. Qxc2 Bxc2 17. Rac1 Bd3 18. Nf4 Be4 19. Rc8+ Bd8 20. Bc7
Ke7 21. Rc1 Bb7 22. Bxd8+ Rxd8 23. R8c7 Rb8 24. a4 Kd8 25. b5 axb5 26. axb5 Rc8
27. Rxc8+ Bxc8 28. Nd3 Ne4 29. Nc5 Nd6 30. Nxd7 Kxd7 31. b6 Bb7 32. Rc7+ Ke8
33. f4 Ba6 34. Ra7 Bb7 35. g4 Kd7 36. Ra1 Kc6 37. Rb1 Nb5 38. f5 exf5 39. Rb4
fxg4 40. Kf2 Kxb6 41. Ke3 g5 42. Kd3 Bd5 43. Rb1 f5 44. Rc1 Nd6 45. Rb1+ Kc7
46. Rc1+ Kd7 47. Ra1 h5 48. Ra7+ Bb7 49. d5 h4 50. Ke2 f4 51. Kf2 Ke7 52. Kg2
Kf6 53. Ra5 Ke5 54. Kg1 Bxd5 55. h3 gxh3 56. Kh2 g4 57. Ra4 g3+ 58. Kg1 h2+ 0-1

[Event "Stadtmeisterschaft Ulm/Neu Ulm 2008"]
[Site "Privat"]
[Date "2008.11.14"]
[Round "5"]
[White "Simon, Stork"]
[Black "Simo von Koschitzky, Ignatio"]
[Result "0-1"]
[WhiteElo "1439"]
[BlackElo "1087"]
[Annotator "Frederic"]
[PlyCount "86"]
[EventDate "2008.??.??"]
[SourceDate "2008.11.26"]

1. e4 c5 2. Nf3 Nc6 3. d4 cxd4 4. Nxd4 e5 5. Nb3 Nf6 6. Bd3 Nb4 7. O-O Nxd3 8.
Qxd3 b6 9. Nc3 a5 10. Bg5 Be7 11. Rad1 O-O 12. Qe3 d6 13. Nd2 Ng4 14. Bxe7 Nxe3
15. Bxd8 Nxf1 16. Bxb6 Nxd2 17. Rxd2 f5 18. Rxd6 Ra6 19. Bc5 Rxd6 20. Bxd6 Rd8
21. Bxe5 fxe4 22. Bf4 Ba6 23. g3 Kf7 24. Nxe4 Rd1+ 25. Kg2 Bb7 26. f3 Bxe4 27.
fxe4 Ra1 28. a3 Rb1 29. Be5 Rc1 30. Kf3 Rxc2 31. h4 a4 32. Ke3 Rc1 33. Kd4 g6
34. Kd5 Rd1+ 35. Bd4 Rd3 36. g4 Rg3 37. g5 Rh3 38. e5 Rxh4 39. e6+ Ke8 40. Bf6
h5 41. gxh6 Rxh6 42. Ke5 Rh5+ 43. Kf4 Rf5+ 0-1

[Event "Stadtmeisterschaft Ulm/Neu Ulm 2008"]
[Site "Privat"]
[Date "2008.11.14"]
[Round "5"]
[White "Kirn, Philipp"]
[Black "Hupertz, Anton"]
[Result "0-1"]
[WhiteElo "828"]
[BlackElo "1363"]
[Annotator "Frederic"]
[PlyCount "66"]
[EventDate "2008.??.??"]
[SourceDate "2008.11.26"]

1. d4 d5 2. c4 Nf6 3. Nc3 c6 4. Bf4 e6 5. c5 Be7 6. Nf3 Nbd7 7. e3 Nh5 8. Ne2
Nxf4 9. Nxf4 Qa5+ 10. Qd2 Qxd2+ 11. Nxd2 e5 12. dxe5 Nxe5 13. b4 Bf5 14. Be2
Bf6 15. Rc1 Ng6 16. Nxg6 Bxg6 17. Bf3 Bb2 18. O-O Bxc1 19. Rxc1 O-O 20. e4 dxe4
21. Nxe4 Bxe4 22. Bxe4 Rfe8 23. Rc4 Rad8 24. f3 Rd1+ 25. Kf2 Rd2+ 26. Kg3 Rxa2
27. Rc3 Rb2 28. Rc4 Rd8 29. h3 Rbd2 30. Bf5 R8d4 31. Rc3 Rxb4 32. Re3 Rd8 33.
Rc3 a5 0-1

[Event "Stadtmeisterschaft Ulm/Neu Ulm 2008"]
[Site "?"]
[Date "2008.11.28"]
[Round "6"]
[White "Gallwitz, Helge"]
[Black "Gebhardt, Uwe"]
[Result "1-0"]
[WhiteElo "2051"]
[BlackElo "1996"]
[Annotator "Frederic"]
[PlyCount "60"]
[EventDate "2008.11.30"]
[SourceDate "2008.11.30"]

1. d4 g6 2. e4 Bg7 3. Nc3 d6 4. Bc4 c6 5. Qe2 Bxd4 6. Bxf7+ Kxf7 7. Qc4+ e6 8.
Qxd4 e5 9. Qd3 Be6 10. Nf3 Qd7 11. Bg5 Qc7 12. Rd1 h6 13. Bh4 g5 14. Bg3 Ke7
15. Qxd6+ Qxd6 16. Rxd6 Nd7 17. Rd2 Ngf6 18. Nxe5 Rhg8 19. Nxd7 Nxd7 20. O-O
Rg6 21. Bd6+ Ke8 22. f4 Bc4 23. f5 Rg8 24. Rfd1 b5 25. b3 Bf7 26. Bc7 Bh5 27.
Rxd7 Bxd1 28. Rxd1 Rg7 29. Bd6 g4 30. e5 Rd8 1-0

[Event "Stadtmeisterschaft Ulm/Neu Ulm 2008"]
[Site "?"]
[Date "2008.11.28"]
[Round "6"]
[White "Schulze, Andreas"]
[Black "Anistratov, Dimitrij"]
[Result "1-0"]
[WhiteElo "2173"]
[BlackElo "2333"]
[Annotator "Frederic"]
[PlyCount "81"]
[EventDate "2008.11.30"]
[SourceDate "2008.11.30"]

1. e4 g6 2. d4 Bg7 3. Nc3 d6 4. Be3 a6 5. f4 b5 6. Be2 e6 7. Bf3 Bb7 8. a4 b4
9. Nb1 Ne7 10. c3 bxc3 11. bxc3 Nd7 12. Nd2 O-O 13. Ne2 d5 14. e5 c5 15. O-O
Qc7 16. Qb3 Nc6 17. Rfe1 Na5 18. Qa2 c4 19. f5 gxf5 20. Nf4 Bc6 21. Rf1 Rfe8
22. g4 fxg4 23. Bxg4 f5 24. Bh5 Re7 25. Nf3 Nf8 26. Kh1 Kh8 27. Rg1 Rb8 28. Qf2
Rb3 29. Ne2 Rb2 30. Bg5 Nb3 31. Bxe7 Qxe7 32. Rae1 Na5 33. Qg3 Rb7 34. Ng5 Kg8
35. Nf7 Ng6 36. Bxg6 hxg6 37. Nd6 Rc7 38. Qxg6 Nb7 39. Nf4 Nd8 40. Nh5 Kh8 41.
Nf6 1-0

[Event "Stadtmeisterschaft Ulm/Neu Ulm 2008"]
[Site "?"]
[Date "2008.11.28"]
[Round "6"]
[White "Bühler, Jürgen"]
[Black "Mayer, Arnd"]
[Result "0-1"]
[WhiteElo "1917"]
[BlackElo "2087"]
[Annotator "Frederic"]
[PlyCount "64"]
[EventDate "2008.11.30"]
[SourceDate "2008.11.30"]

1. c4 f5 2. g3 Nf6 3. Bg2 e5 4. Nc3 Bc5 5. e3 Nc6 6. a3 a5 7. Nge2 e4 8. d3
exd3 9. Nf4 O-O 10. O-O Kh8 11. Qxd3 d6 12. b3 Bd7 13. Bb2 Rb8 14. Rad1 Ne7 15.
h4 Qe8 16. Ncd5 Nexd5 17. Nxd5 Nxd5 18. Bxd5 Qg6 19. Kg2 Qg4 20. f3 Qg6 21. h5
Qh6 22. f4 b5 23. Qc3 bxc4 24. Bxc4 Rfe8 25. Rfe1 Re7 26. Bd5 Rbe8 27. Rd3 Bb5
28. Bc4 Bc6+ 29. Bd5 Bxd5+ 30. Rxd5 Rxe3 31. Rxc5 Rxe1 32. Rxc7 R8e2+ 0-1

[Event "Stadtmeisterschaft Ulm/Neu Ulm 2008"]
[Site "?"]
[Date "2008.11.28"]
[Round "6"]
[White "Hörsch, Heiner"]
[Black "Smolny, Frieder"]
[Result "0-1"]
[WhiteElo "2059"]
[BlackElo "1871"]
[Annotator "Frederic"]
[PlyCount "78"]
[EventDate "2008.11.30"]
[SourceDate "2008.11.30"]

1. d4 d5 2. c4 c6 3. Nf3 Nf6 4. e3 Bf5 5. Nc3 e6 6. Bd3 Bxd3 7. Qxd3 Be7 8. b3
O-O 9. O-O Nbd7 10. Rd1 Re8 11. Bb2 Qa5 12. e4 dxe4 13. Nxe4 Nxe4 14. Qxe4 Ba3
15. Bxa3 Qxa3 16. Rd2 a5 17. Rb1 Nf6 18. Qe3 b5 19. h3 Rab8 20. Ne5 bxc4 21.
Nxc4 Qb4 22. a3 Qe7 23. Nxa5 Qxa3 24. Nxc6 Nd5 25. Qf3 Rb7 26. Rd3 Rc8 27. Ne5
Qa2 28. Re1 Rc2 29. Nc4 Rd7 30. Ne3 Nxe3 31. Rexe3 g6 32. Qf6 Rd2 33. d5 Rxd3
34. dxe6 Rd1+ 35. Kh2 fxe6 36. Qxe6+ Rf7 37. Qe8+ Kg7 38. Qe5+ Kh6 39. h4 Qa1
0-1

[Event "Stadtmeisterschaft Ulm/Neu Ulm 2008"]
[Site "?"]
[Date "2008.11.28"]
[Round "6"]
[White "Schwab, Matthias"]
[Black "Heinrich, Klaus"]
[Result "1-0"]
[WhiteElo "2022"]
[BlackElo "1710"]
[Annotator "Frederic"]
[PlyCount "81"]
[EventDate "2008.11.30"]
[SourceDate "2008.11.30"]

1. d4 d5 2. Nf3 e6 3. e3 Bd6 4. Bd3 Nd7 5. O-O f5 6. Nbd2 Ngf6 7. b3 O-O 8. Bb2
Ng4 9. h3 Nh6 10. Ne5 Qf6 11. f4 Be7 12. Ndf3 Nf7 13. Bc3 Ndxe5 14. dxe5 Qh6
15. Kh2 g5 16. g3 g4 17. Ng1 gxh3 18. Nxh3 Nh8 19. g4 Kf7 20. Rg1 Bd7 21. gxf5
exf5 22. Qf3 Be6 23. Be2 Ng6 24. Be1 Rg8 25. Bf2 c6 26. c4 Rad8 27. Rad1 Ke8
28. Bd3 Bh4 29. Bxh4 Qxh4 30. c5 Kd7 31. Be2 Kc7 32. Qh5 Qe7 33. b4 Rd7 34. Ng5
Rgd8 35. Nf3 b6 36. Nd4 bxc5 37. bxc5 Nf8 38. Rb1 Bf7 39. Qh6 Ne6 40. Ba6 Nxc5
41. Qxc6# 1-0

[Event "Stadtmeisterschaft Ulm/Neu Ulm 2008"]
[Site "Privat"]
[Date "2008.11.28"]
[Round "6"]
[White "Wolf, Rainer"]
[Black "Souissi, Skander"]
[Result "1-0"]
[WhiteElo "2002"]
[BlackElo "1850"]
[Annotator "Frederic"]
[PlyCount "127"]
[EventDate "2008.??.??"]
[SourceDate "2008.12.01"]

1. Nf3 Nf6 2. e3 d5 3. Be2 e6 4. O-O Bd6 5. d4 O-O 6. c4 dxc4 7. Bxc4 a6 8. a4
b6 9. Nc3 Bb7 10. Bd3 c5 11. dxc5 Bxc5 12. e4 Nbd7 13. Qe2 Qc7 14. Bg5 Ng4 15.
Rac1 Qb8 16. h3 Nge5 17. Nxe5 Qxe5 18. Be3 Rfd8 19. Kh1 Bxe3 20. Qxe3 Nc5 21.
Bc2 Qd4 22. Qg5 h6 23. Qh4 Qb4 24. Rb1 Rd2 25. Rfc1 Qd4 26. f3 Rd8 27. Rd1 Qb4
28. Qe1 Rxd1 29. Rxd1 Rxd1 30. Qxd1 Qxb2 31. Qd2 Qb4 32. Qd8+ Kh7 33. e5+ g6
34. Qf8 Qf4 35. Ne2 Qxe5 36. Qxf7+ Qg7 37. Bxg6+ Kh8 38. Qe8+ Qg8 39. Nc3 Qxe8
40. Bxe8 Kg7 41. Kg1 Kf6 42. Kf2 Ke7 43. Bh5 Bc6 44. Ke3 Nxa4 45. Nxa4 Bxa4 46.
Kd4 Kf6 47. g4 Bc6 48. f4 a5 49. h4 a4 50. g5+ hxg5 51. fxg5+ Kg7 52. Kc3 b5
53. Kb4 Bd7 54. Bd1 e5 55. Bc2 Bc6 56. Kc5 e4 57. h5 a3 58. Bb1 e3 59. h6+ Kg8
60. g6 e2 61. Ba2+ Kf8 62. g7+ Ke7 63. g8=Q e1=Q 64. Kxc6 1-0

[Event "Stadtmeisterschaft Ulm/Neu Ulm 2008"]
[Site "Privat"]
[Date "2008.11.28"]
[Round "6"]
[White "Lainburg, Viktor"]
[Black "Zahn, Achim"]
[Result "1/2-1/2"]
[WhiteElo "1964"]
[BlackElo "1584"]
[Annotator "Frederic"]
[PlyCount "88"]
[EventDate "2008.??.??"]
[SourceDate "2008.12.01"]

1. Nf3 Nf6 2. d4 e6 3. g3 d5 4. Bg2 c6 5. O-O Be7 6. Nbd2 O-O 7. b3 c5 8. e3
Nc6 9. Bb2 b6 10. Ne5 Nxe5 11. dxe5 Ne8 12. c4 Bb7 13. Qg4 Qd7 14. Rad1 f5 15.
exf6 Bxf6 16. Bxf6 Nxf6 17. Qe2 Qf7 18. Nb1 Rad8 19. Nc3 Rd7 20. Rd2 Rfd8 21.
Rfd1 Kf8 22. f4 Kg8 23. g4 Kf8 24. g5 Ng8 25. f5 Ne7 26. fxe6 Qxe6 27. Qf3+ Nf5
28. Nxd5 Bxd5 29. cxd5 Qxe3+ 30. Qxe3 Nxe3 31. Rf2+ Kg8 32. Re1 Nxg2 33. Kxg2
Rxd5 34. h4 Rd2 35. Ree2 Rxe2 36. Rxe2 Kf8 37. Kg3 Rd4 38. h5 g6 39. hxg6 hxg6
40. Re6 Kf7 41. Rf6+ Kg7 42. Rc6 Rd7 43. Kf4 Re7 44. a4 Kf7 1/2-1/2

[Event "Stadtmeisterschaft Ulm/Neu Ulm 2008"]
[Site "?"]
[Date "2008.11.28"]
[Round "6"]
[White "Over, Klaus"]
[Black "Krauß, Rainer"]
[Result "1-0"]
[WhiteElo "1883"]
[BlackElo "1642"]
[Annotator "Frederic"]
[PlyCount "106"]
[EventDate "2008.12.01"]
[SourceDate "2008.12.01"]

1. Nf3 Nc6 2. d4 d5 3. c4 e6 4. Nc3 Nf6 5. Bg5 Be7 6. e3 O-O 7. Rc1 b6 8. cxd5
Nxd5 9. Nxd5 Qxd5 10. Bxe7 Nxe7 11. Rxc7 Nc6 12. Qa4 Na5 13. b4 Nb7 14. Bd3 Nd6
15. Rxa7 Bb7 16. O-O e5 17. dxe5 Qxd3 18. exd6 Bxf3 19. gxf3 Qg6+ 20. Kh1 Qh5
21. Rc1 Qxf3+ 22. Kg1 Qg4+ 23. Kf1 Rad8 24. d7 Qh3+ 25. Ke1 Qxh2 26. Rc4 Qh1+
27. Kd2 Qd5+ 28. Rd4 Qf3 29. Rf4 Qd5+ 30. Ke2 b5 31. Qd1 Qh5+ 32. Kd2 Qh3 33.
Rd4 Qf5 34. Qf1 f6 35. f4 Rf7 36. Qd3 Qh5 37. Rc7 Qh2+ 38. Qe2 Qh1 39. Rc8 Rff8
40. Rxd8 Rxd8 41. Qxb5 Qb1 42. Qc4+ Kf8 43. Qc2 Qa1 44. b5 h5 45. b6 Qh1 46.
Qc5+ Kf7 47. Qc4+ Kf8 48. Qb4+ Kf7 49. b7 Qg2+ 50. Kc3 Qc6+ 51. Qc4+ Qxc4+ 52.
Rxc4 Ke7 53. Rc8 Kxd7 1-0

[Event "Stadtmeisterschaft Ulm/Neu Ulm 2008"]
[Site "?"]
[Date "2008.11.28"]
[Round "6"]
[White "Deißler, Helmut"]
[Black "Kühn, Bernd"]
[Result "0-1"]
[WhiteElo "1988"]
[BlackElo "1618"]
[Annotator "Frederic"]
[PlyCount "54"]
[EventDate "2008.12.01"]
[SourceDate "2008.12.01"]

1. d4 Nf6 2. c4 g6 3. Nc3 Bg7 4. e4 d6 5. f3 O-O 6. Bg5 Nbd7 7. Qd2 c5 8. d5
Re8 9. O-O-O a6 10. h4 h5 11. Nh3 Qa5 12. Kb1 Ne5 13. Nf2 Bd7 14. Rc1 b5 15.
Ncd1 Qb6 16. Ne3 bxc4 17. Nxc4 Nxc4 18. Bxc4 Reb8 19. Nd3 Bb5 20. Rhe1 Ra7 21.
Re2 Rab7 22. Bf4 Nd7 23. b3 a5 24. e5 a4 25. Kc2 axb3+ 26. axb3 Bxc4 27. bxc4
Qb3# 0-1

[Event "Stadtmeisterschaft Ulm/Neu Ulm 2008"]
[Site "?"]
[Date "2008.11.28"]
[Round "6"]
[White "Hoffart, Alexander"]
[Black "Fischer, Heidi"]
[Result "1-0"]
[WhiteElo "1900"]
[BlackElo "1375"]
[Annotator "Frederic"]
[PlyCount "59"]
[EventDate "2008.12.01"]
[SourceDate "2008.12.01"]

1. e4 c5 2. Nf3 Nc6 3. Bb5 Qb6 4. Nc3 Nd4 5. Nd5 Qd6 6. Bc4 e6 7. Nc3 a6 8. a4
Be7 9. O-O Nxf3+ 10. Qxf3 Qd4 11. d3 Qf6 12. Qe2 Bd6 13. f4 Qd8 14. e5 Bc7 15.
Ne4 d5 16. exd6 Bxd6 17. Be3 b6 18. Rad1 Nf6 19. Nxd6+ Qxd6 20. d4 Qc6 21. d5
exd5 22. Bd4+ Be6 23. Bxf6 dxc4 24. f5 gxf6 25. fxe6 Qxe6 26. Qf3 Qc8 27. Rde1+
Kd7 28. Qd5+ Kc7 29. Re7+ Kb8 30. Qd6+ 1-0

[Event "Stadtmeisterschaft Ulm/Neu Ulm 2008"]
[Site "?"]
[Date "2008.11.28"]
[Round "6"]
[White "Jahn, Manfred"]
[Black "Hartmann, Thomas"]
[Result "0-1"]
[WhiteElo "1617"]
[BlackElo "1889"]
[Annotator "Frederic"]
[PlyCount "58"]
[EventDate "2008.12.01"]
[SourceDate "2008.12.01"]

1. d4 Nf6 2. c4 e6 3. Nc3 Bb4 4. e3 O-O 5. Nf3 b6 6. Bd3 Bb7 7. O-O c5 8. a3
Bxc3 9. bxc3 d6 10. Qe2 Ne4 11. Bb2 Qe7 12. Nd2 Nxd2 13. Qxd2 e5 14. f3 f5 15.
d5 Nd7 16. e4 f4 17. a4 a5 18. Ba3 Rf6 19. Rab1 Raf8 20. Qf2 Rg6 21. Kh1 Rff6
22. Rg1 Rg3 23. Bc1 Rh6 24. h3 Qh4 25. Rb2 Rxh3+ 26. gxh3 Qxh3+ 27. Qh2 Qxf3+
28. Rgg2 Rxh2+ 29. Kxh2 Qxd3 0-1

[Event "Stadtmeisterschaft Ulm/Neu Ulm 2008"]
[Site "?"]
[Date "2008.11.28"]
[Round "6"]
[White "Locher, Klaus"]
[Black "Meier, Dennis"]
[Result "1-0"]
[WhiteElo "1787"]
[BlackElo "1335"]
[Annotator "Frederic"]
[PlyCount "61"]
[EventDate "2008.12.01"]
[SourceDate "2008.12.01"]

1. c4 Nf6 2. Nc3 Nc6 3. g3 b6 4. Bg2 Bb7 5. e4 e6 6. Nge2 Bc5 7. d4 Be7 8. O-O
O-O 9. a3 Na5 10. b3 c5 11. d5 exd5 12. cxd5 Ba6 13. e5 Ne8 14. d6 Bg5 15. Bxg5
Qxg5 16. Bxa8 Qxe5 17. Qd5 Qxd6 18. Rfd1 Qb8 19. Qf3 Nxb3 20. Rab1 Na5 21. Bd5
Nf6 22. Nf4 Qe5 23. Re1 Qf5 24. Ng2 Qc2 25. Nh4 Nxd5 26. Nxd5 Bb7 27. Ne7+ Kh8
28. Qg4 Qd3 29. Nhf5 g6 30. Qh4 Qf3 31. Qf6# 1-0

[Event "Stadtmeisterschaft Ulm/Neu Ulm 2008"]
[Site "?"]
[Date "2008.11.28"]
[Round "6"]
[White "Zierke, Markus"]
[Black "Napierala, Jascha"]
[Result "1-0"]
[WhiteElo "1765"]
[BlackElo "790"]
[Annotator "Frederic"]
[PlyCount "41"]
[EventDate "2008.12.01"]
[SourceDate "2008.12.02"]

1. d4 d5 2. e3 Nf6 3. f4 Bf5 4. Nf3 e6 5. c3 Bd6 6. Bd3 Ne4 7. O-O Nd7 8. Nbd2
Ndf6 9. Bxe4 Nxe4 10. Qe2 c6 11. Nxe4 Bxe4 12. Nd2 g5 13. Nxe4 dxe4 14. Qh5
gxf4 15. exf4 Qf6 16. f5 e5 17. Bg5 Qg7 18. f6 Qf8 19. Bh6 Qg8 20. Bg7 O-O-O
21. Qf5+ 1-0

[Event "Stadtmeisterschaft Ulm/Neu Ulm 2008"]
[Site "?"]
[Date "2008.11.28"]
[Round "6"]
[White "Simo von Koschitzky, Ignatio"]
[Black "Lepschi, Albert"]
[Result "1/2-1/2"]
[WhiteElo "1087"]
[BlackElo "1674"]
[Annotator "Frederic"]
[PlyCount "102"]
[EventDate "2008.12.01"]
[SourceDate "2008.12.02"]

1. d4 d5 2. Nf3 c6 3. e3 Bg4 4. Nbd2 Nf6 5. Bd3 e6 6. O-O Be7 7. b3 Nbd7 8. c4
O-O 9. Re1 Qc7 10. Qe2 Bh5 11. cxd5 exd5 12. e4 dxe4 13. Bxe4 Nxe4 14. Qxe4 Bd6
15. Qh4 Bg6 16. Nc4 Bb4 17. Re3 Rfe8 18. a3 Rxe3 19. Bxe3 Bf8 20. Nce5 Nxe5 21.
Nxe5 Be7 22. Qg4 Bc2 23. b4 Bb3 24. Rc1 Be6 25. Qg3 Bd6 26. Bf4 a6 27. Nd3 Rd8
28. Qe3 Bxf4 29. Nxf4 Qd6 30. Nxe6 Qxe6 31. Kf1 Kf8 32. Re1 Qxe3 33. fxe3 Ke7
34. Ke2 Ke6 35. Kd3 f5 36. e4 fxe4+ 37. Rxe4+ Kd6 38. Rf4 Rd7 39. Kc4 Re7 40.
a4 Re2 41. Rg4 g6 42. Rg5 Rc2+ 43. Kb3 Rd2 44. Kc3 Re2 45. Kd3 Ra2 46. a5 Rf2
47. Kc4 Re2 48. h4 Rc2+ 49. Kd3 Rf2 50. h5 Rf6 51. hxg6 hxg6 1/2-1/2

[Event "Stadtmeisterschaft Ulm/Neu Ulm 2008"]
[Site "?"]
[Date "2008.11.28"]
[Round "6"]
[White "Förderreuther, Jonas"]
[Black "Huppertz, Anton"]
[Result "1/2-1/2"]
[WhiteElo "1510"]
[BlackElo "1363"]
[Annotator "Frederic"]
[PlyCount "32"]
[EventDate "2008.12.01"]
[SourceDate "2008.12.02"]

1. e4 c5 2. Nf3 d6 3. d4 cxd4 4. Nxd4 e5 5. Bb5+ Bd7 6. Bxd7+ Nxd7 7. Nb5 Nc5
8. N1c3 a6 9. Na3 b5 10. b4 Nd7 11. Nd5 Ngf6 12. Bg5 Be7 13. Nxe7 Qxe7 14. Qd3
d5 15. exd5 Qxb4+ 16. Bd2 Qe4+ 1/2-1/2

[Event "Stadtmeisterschaft Ulm/Neu Ulm 2008"]
[Site "?"]
[Date "2008.11.28"]
[Round "6"]
[White "Krapf, Katharina"]
[Black "Hengstberger, Ulli"]
[Result "0-1"]
[WhiteElo "1445"]
[BlackElo "1223"]
[Annotator "Frederic"]
[PlyCount "160"]
[EventDate "2008.12.01"]
[SourceDate "2008.12.02"]

1. c4 g6 2. Nc3 Bg7 3. g3 Nf6 4. Bg2 O-O 5. e3 c6 6. Nge2 e6 7. d4 d5 8. b3
Nbd7 9. O-O Re8 10. Bb2 a5 11. Qc2 Nb6 12. c5 Nbd7 13. a3 e5 14. b4 exd4 15.
exd4 b6 16. Nf4 bxc5 17. bxc5 Nf8 18. Na4 Bf5 19. Qd1 N6d7 20. Re1 Rxe1+ 21.
Qxe1 Bc2 22. Nc3 Rb8 23. Qc1 Bf5 24. Na4 Qe8 25. Qe1 Qxe1+ 26. Rxe1 Bc2 27. Nb6
Nxb6 28. cxb6 Rxb6 29. Bc3 a4 30. Bb4 Bb3 31. Rc1 Bc4 32. Bf1 Bxf1 33. Kxf1 Nd7
34. Ne2 f5 35. Rc2 Kf7 36. f4 Nf6 37. Kf2 Ng4+ 38. Kg1 Ne3 39. Rc3 Nc4 40. Rc1
Rb8 41. Kg2 Re8 42. Kf3 Re3+ 43. Kf2 Re4 44. Bc5 Ne3 45. Bb6 Ng4+ 46. Kf1 Nxh2+
47. Kf2 Ng4+ 48. Kf3 Re3+ 49. Kg2 Rxe2+ 50. Kf1 Re6 51. Rb1 Ne3+ 52. Kf2 Nc4
53. Bc5 Bf8 54. Rb7+ Be7 55. Kf3 Kf6 56. Ra7 Bxc5 57. dxc5 Re3+ 58. Kf2 Rxa3
59. Ra6 Ra2+ 60. Ke1 Ra1+ 61. Ke2 a3 62. Rxc6+ Ke7 63. Ra6 Kd7 64. Kd3 a2 65.
Kc2 Rg1 66. Rxa2 Rg2+ 67. Kb3 Rxa2 68. Kxa2 Kc6 69. Kb3 Kxc5 70. Kc3 d4+ 71.
Kd3 Ne3 72. Ke2 Kc4 73. Ke1 Kc3 74. Ke2 d3+ 75. Ke1 Kc2 76. Kf2 d2 77. Kxe3
d1=Q 78. Kf2 Kd2 79. Kg2 Ke3 80. Kh2 Kf3 0-1

[Event "Stadtmeisterschaft Ulm/Neu Ulm 2008"]
[Site "?"]
[Date "2008.11.28"]
[Round "6"]
[White "Sturm, Paul"]
[Black "Rieken, Bernd"]
[Result "0-1"]
[WhiteElo "1296"]
[BlackElo "1542"]
[Annotator "Frederic"]
[PlyCount "120"]
[EventDate "2008.12.01"]
[SourceDate "2008.12.02"]

1. d4 d5 2. c4 dxc4 3. Nc3 Nf6 4. Nf3 Bf5 5. Qa4+ c6 6. Qxc4 e6 7. Bg5 Be7 8.
a4 O-O 9. h3 Nd5 10. Bxe7 Qxe7 11. e4 Nxc3 12. bxc3 Bxe4 13. Nd2 Bd5 14. Qd3 e5
15. Qe3 f6 16. c4 Bf7 17. Bd3 Nd7 18. O-O Rae8 19. Bf5 exd4 20. Qxd4 Ne5 21.
Qc3 Qc5 22. Rac1 Nxc4 23. Bxh7+ Kxh7 24. Qd3+ Bg6 25. Qxc4 Qxc4 26. Nxc4 Bd3
27. Rfd1 Bxc4 28. Rxc4 Rd8 29. Rb1 Rf7 30. Rcb4 b6 31. Rh4+ Kg8 32. Re1 Rfd7
33. Re6 Rd6 34. Re7 R8d7 35. Re8+ Kf7 36. Rhh8 Rd4 37. g3 g5 38. g4 Re7 39. Rc8
Rc4 40. Rh7+ Ke6 41. Rxe7+ Kxe7 42. Rc7+ Kd6 43. Rxa7 c5 44. Ra6 Rb4 45. a5 Kc6
46. Rxb6+ Rxb6 47. axb6 Kxb6 48. Kf1 c4 49. Ke1 Kc5 50. Kd2 Kd4 51. Kc2 c3 52.
Kc1 Kd3 53. Kd1 c2+ 54. Kc1 Ke2 55. Kxc2 Kxf2 56. Kd3 Kg3 57. Ke4 Kxh3 58. Kf5
Kh4 59. Kxf6 Kxg4 60. Ke5 Kf3 0-1

[Event "Stadtmeisterschaft Ulm/Neu Ulm 2008"]
[Site "?"]
[Date "2008.11.28"]
[Round "6"]
[White "Hörsch, Florian"]
[Black "Stork, Simon"]
[Result "0-1"]
[WhiteElo "1495"]
[BlackElo "1439"]
[Annotator "Frederic"]
[PlyCount "41"]
[EventDate "2008.12.01"]
[SourceDate "2008.12.02"]

1. e4 e5 2. f4 exf4 3. Nf3 d5 4. exd5 Nf6 5. Bc4 c6 6. Qe2+ Be7 7. O-O O-O 8.
d4 Re8 9. Ne5 Bg4 10. Nxg4 b5 11. Bd3 Nxd5 12. c4 c5 13. cxb5 Rf8 14. Bc4 Ne3
15. Bxe3 fxe3 16. Qxe3 a6 17. b4 cxd4 18. Qe4 Ra7 19. Bd5 Bd6 20. Qxd4 Nc6 21.
Rf6 0-1